[Event "DLM 2010"]
[Site "Stuttgart GER"]
[Date "2010.11.19"]
[Round "5"]
[White "Weber, Sandra"]
[Black "Müller, Sophie"]
[Result "1-0"]
[Termination "normal"]
[Board "3.8"]
[WhiteElo "1511"]
[BlackElo "1168"]
[WhiteTeam "Württemberg 1"]
[BlackTeam "Saarland"]
[WhiteFideId "1270049"]
[BlackFideId "12926698"]
[EventCountry "GER"]
[EventRounds "7"]
[EventType "team-swiss"]
[EventDate "2010.11.16"]

1. d4 d5 2. c4 c6 3. Nc3 Nf6 4. Nf3 e6 5. Bg5 Nbd7 6. e3 Qb6 7. Qc2 Bb4 8. Bd3
h6 9. Bh4 O-O 10. O-O Re8 11. Ne2 Qc7 12. cxd5 exd5 13. Bg3 Bd6 14. Bxd6 Qxd6
15. Ng3 Nb6 16. h3 Bd7 17. Rfe1 Rac8 18. Rac1 Be6 19. b3 Rc7 20. Qb2 c5 21.
dxc5 Rxc5 22. Rxc5 Qxc5 23. Rc1 Qd6 24. Nd4 a6 25. Rc3 Rc8 26. Rxc8+ Nxc8 27.
Qc2 Ne7 28. Ngf5 Qd7 29. Nxe6 fxe6 30. Nxe7+ Qxe7 31. Bg6 Qd7 32. Qc5 Qc6 33.
Qe7 Qd7 34. Bf7+ Kh7 35. Qxe6 Qc7 36. Qf5+ Kh8 37. Bxd5 Nxd5 38. Qxd5 Qc1+ 39.
Kh2 Qc7+ 40. f4 g5 41. Qe5+ Qxe5 42. fxe5 Kg7 43. Kg3 Kf7 44. Kf3 Ke6 45. Ke4
b6 46. g4 a5 47. a4 Ke7 48. Kd5 Kd7 49. e6+ Ke7 50. e4 Ke8 51. Kd6 Kd8 52. e7+
Ke8 53. e5 b5 54. axb5 a4 55. bxa4 h5 56. b6 hxg4 57. hxg4 Kf7 58. Kd7 Kg6 59.
e8=Q+ Kh6 60. Ke7 Kh7 61. Kf6 Kh6 62. Qg6# 1-0

[Event "DLM 2010"]
[Site "Stuttgart GER"]
[Date "2010.11.19"]
[Round "5"]
[White "Weber, Max"]
[Black "Farmani Anosheh, Armin"]
[Result "0-1"]
[Termination "normal"]
[Board "4.1"]
[WhiteElo "2004"]
[BlackElo "2207"]
[WhiteTeam "Mecklenburg-Vorpommern"]
[BlackTeam "Baden"]
[WhiteFideId "4624831"]
[BlackFideId "24613240"]
[EventCountry "GER"]
[EventRounds "7"]
[EventType "team-swiss"]
[EventDate "2010.11.16"]

1. d4 Nf6 2. c4 g6 3. g3 Bg7 4. Bg2 O-O 5. Nc3 d6 6. Nf3 Nc6 7. O-O Bf5 8. d5
Nb8 9. Nd4 Bd7 10. e4 c5 11. Nde2 a6 12. a4 Qc8 13. Re1 Bg4 14. f3 Bh3 15. Nf4
Bxg2 16. Nxg2 Nbd7 17. f4 Ne8 18. Nh4 Nc7 19. Nf3 b5 20. axb5 axb5 21. Rxa8
Qxa8 22. cxb5 Nb6 23. Qd3 Qa5 24. Nd2 Qb4 25. Kg2 Ra8 26. e5 c4 27. Qd4 Rb8 28.
b3 Nxb5 29. Nxb5 Qxb5 30. bxc4 Qa5 31. Re3 Na4 32. Nb3 Qa6 33. c5 dxc5 34. Nxc5
Nxc5 35. Qxc5 Rc8 36. Qa3 Qc4 37. Bb2 Qxd5+ 38. Kf2 Qh1 39. Re2 Qxh2+ 40. Kf3
Qh1+ 41. Kf2 e6 42. Qa6 Rb8 43. Ba3 h5 44. Qd3 Rb1 45. Rc2 Rd1 46. Qc4 h4 0-1

[Event "DLM 2010"]
[Site "Stuttgart GER"]
[Date "2010.11.19"]
[Round "5"]
[White "Petermann, Michail"]
[Black "Lehmann, Ruben"]
[Result "1-0"]
[Termination "normal"]
[Board "4.2"]
[WhiteElo "2139"]
[BlackElo "1892"]
[WhiteTeam "Baden"]
[BlackTeam "Mecklenburg-Vorpommern"]
[WhiteFideId "24643530"]
[BlackFideId "24671177"]
[EventCountry "GER"]
[EventRounds "7"]
[EventType "team-swiss"]
[EventDate "2010.11.16"]

1. e4 c6 2. d4 d5 3. f3 e6 4. Nc3 Nf6 5. Bf4 Bb4 6. Qd3 b6 7. Nge2 Ba6 8. Qe3
O-O 9. a3 Be7 10. e5 Nh5 11. Bg3 c5 12. O-O-O Nc6 13. Kb1 Qc7 14. Bf2 g6 15. g4
Ng7 16. f4 Rac8 17. f5 gxf5 18. Rg1 Kh8 19. g5 cxd4 20. Nxd4 Bxf1 21. Rgxf1
Nxd4 22. Qxd4 Bxa3 23. Rd3 Bc5 24. Qh4 Bxf2 25. Rxf2 Ne8 26. Rh3 f6 27. gxf6
Qf7 28. Nxd5 exd5 29. e6 Qc7 30. f7 Rxf7 31. Rc3 Qe7 32. exf7 Qxh4 33. Rxc8 1-0

[Event "DLM 2010"]
[Site "Stuttgart GER"]
[Date "2010.11.19"]
[Round "5"]
[White "Schreiber, Kevin"]
[Black "Noe, Christopher"]
[Result "1/2-1/2"]
[Termination "normal"]
[Board "4.3"]
[WhiteElo "1755"]
[BlackElo "1859"]
[WhiteTeam "Mecklenburg-Vorpommern"]
[BlackTeam "Baden"]
[WhiteFideId "24655830"]
[BlackFideId "24692018"]
[EventCountry "GER"]
[EventRounds "7"]
[EventType "team-swiss"]
[EventDate "2010.11.16"]

1. d4 e6 2. Bf4 d5 3. e3 Nf6 4. Nf3 Bd6 5. Ne5 O-O 6. Nd2 c5 7. c3 Nc6 8. Bd3
Qc7 9. Ndf3 Ne4 10. Nxc6 Bxf4 11. Ne7+ Qxe7 12. exf4 Qc7 13. g3 cxd4 14. Nxd4
b6 15. O-O Bb7 16. Qe2 Nc5 17. Rfe1 Nxd3 18. Qxd3 Rae8 19. Re5 Re7 20. Rae1
Rfe8 21. g4 Bc8 22. Nb5 Qd7 23. Nd4 f6 24. R5e3 Qc7 25. Rh3 g6 26. f5 gxf5 27.
gxf5 e5 28. Ne6 Bxe6 29. fxe6 Rg7+ 30. Rg3 Qd6 31. Rxg7+ Kxg7 32. Rd1 1/2-1/2

[Event "DLM 2010"]
[Site "Stuttgart GER"]
[Date "2010.11.19"]
[Round "5"]
[White "Frey, Alisa"]
[Black "Valet, Alexander"]
[Result "1-0"]
[Termination "normal"]
[Board "4.4"]
[WhiteElo "2045"]
[BlackElo "1926"]
[WhiteTeam "Baden"]
[BlackTeam "Mecklenburg-Vorpommern"]
[WhiteFideId "24634662"]
[BlackFideId "24682560"]
[EventCountry "GER"]
[EventRounds "7"]
[EventType "team-swiss"]
[EventDate "2010.11.16"]

1. e4 d5 2. exd5 Qxd5 3. Nc3 Qa5 4. d4 c6 5. Nf3 Nf6 6. Bc4 Bf5 7. Bd2 e6 8.
Qe2 Bb4 9. O-O-O Nbd7 10. a3 Bxc3 11. Bxc3 Qc7 12. Ne5 Nxe5 13. dxe5 Nd5 14.
Bd2 O-O-O 15. g4 Bg6 16. f4 h5 17. h3 Qe7 18. Qf2 Kb8 19. f5 exf5 20. gxf5 Bh7
21. Rhg1 f6 22. e6 Rhg8 23. Ba5 b6 24. Bxd5 Rxd5 25. Rxd5 cxd5 26. Bb4 Qc7 27.
e7 Rc8 28. Rxg7 1-0

[Event "DLM 2010"]
[Site "Stuttgart GER"]
[Date "2010.11.19"]
[Round "5"]
[White "Rogasch, Miriam"]
[Black "Schuhmacher, Jakob"]
[Result "0-1"]
[Termination "normal"]
[Board "4.5"]
[WhiteElo "1803"]
[BlackElo "1796"]
[WhiteTeam "Mecklenburg-Vorpommern"]
[BlackTeam "Baden"]
[WhiteFideId "4616324"]
[BlackFideId "4612787"]
[EventCountry "GER"]
[EventRounds "7"]
[EventType "team-swiss"]
[EventDate "2010.11.16"]

1. e4 e5 2. Nf3 d6 3. d4 exd4 4. Nxd4 Nf6 5. Nc3 Nbd7 6. Be2 Be7 7. O-O O-O 8.
Bf4 Nc5 9. Bf3 Re8 10. Re1 Ne6 11. Nxe6 Bxe6 12. Nd5 Nxd5 13. exd5 Bf5 14. c4
Bf6 15. Qd2 Qd7 16. Be3 Re7 17. Bd4 Bxd4 18. Qxd4 Rae8 19. Re3 Rxe3 20. fxe3
Qe7 21. Re1 b6 22. b4 Be4 23. Kf2 Qh4+ 24. Kf1 f5 25. h3 Qg3 26. Qd1 Kf7 27.
Qe2 Bxf3 28. Qxf3 Qxf3+ 29. gxf3 Kf6 30. Ke2 f4 31. e4 Re5 32. h4 Rh5 33. Rh1
Rh6 34. h5 g6 35. Rh4 Rxh5 36. Rxf4+ Ke7 37. Ke3 Rh2 38. Rg4 Rxa2 39. f4 Ra4
40. e5 Rxb4 41. Kd4 b5 0-1

[Event "DLM 2010"]
[Site "Stuttgart GER"]
[Date "2010.11.19"]
[Round "5"]
[White "Kühnel, Lena"]
[Black "Schmekel, Florian"]
[Result "1-0"]
[Termination "normal"]
[Board "4.6"]
[WhiteElo "1865"]
[BlackElo "1561"]
[WhiteTeam "Baden"]
[BlackTeam "Mecklenburg-Vorpommern"]
[WhiteFideId "24640956"]
[BlackFideId "12913456"]
[EventCountry "GER"]
[EventRounds "7"]
[EventType "team-swiss"]
[EventDate "2010.11.16"]

1. e4 c5 2. Nf3 Nc6 3. d4 cxd4 4. Nxd4 g6 5. c4 Bg7 6. Be3 Nf6 7. Nc3 O-O 8.
Be2 d6 9. O-O Bd7 10. f3 Qb6 11. Bf2 Qxb2 12. Na4 Qa3 13. Nb5 Qb4 14. Be1 Qc5+
15. Nxc5 1-0

[Event "DLM 2010"]
[Site "Stuttgart GER"]
[Date "2010.11.19"]
[Round "5"]
[White "Schumann, Rabea"]
[Black "Wiesner, Paula"]
[Result "0-1"]
[Termination "normal"]
[Board "4.7"]
[WhiteElo "1128"]
[BlackElo "1804"]
[WhiteTeam "Mecklenburg-Vorpommern"]
[BlackTeam "Baden"]
[WhiteFideId "12918199"]
[BlackFideId "24654019"]
[EventCountry "GER"]
[EventRounds "7"]
[EventType "team-swiss"]
[EventDate "2010.11.16"]

1. e4 c5 2. Nf3 Nc6 3. d4 cxd4 4. Nxd4 Nf6 5. Nc3 e5 6. Nb3 Bb4 7. Bd3 d5 8.
exd5 Nxd5 9. Bd2 Nxc3 10. Bxc3 Bxc3+ 11. bxc3 O-O 12. Be4 Qc7 13. O-O Rd8 14.
Qe2 Re8 15. Rfd1 f5 16. Bd5+ Kh8 17. Rd2 e4 18. Nd4 Ne7 19. Bc4 a6 20. a4 Ng6
21. Rad1 Ne5 22. Bb3 Qxc3 23. Qe1 Bd7 24. Ne2 Qa5 25. Rd4 Qxe1+ 26. Rxe1 Be6
27. Ng3 Bxb3 28. cxb3 g6 29. Rd2 Red8 30. Red1 Rxd2 31. Rxd2 Kg7 32. Rc2 Rd8
33. Kf1 Kf6 34. Ke2 Rd3 35. Rb2 b6 36. Nf1 Ke6 37. Nd2 Kd5 38. Rc2 Nc6 39. Kd1
a5 40. Kc1 Nd4 41. Rb2 Kc5 42. Kb1 Kb4 43. Ka2 e3 44. fxe3 Rxe3 45. Nc4 Rxb3
46. Rxb3+ Nxb3 47. Nxb6 Nc5 48. Nd5+ Kxa4 49. Kb2 Kb5 50. Kc3 Kc6 51. Kc4 a4
52. Nc3 g5 53. Kd4 a3 54. Na2 Kd6 55. Ke3 Kd5 56. g3 Kc4 57. Kd2 Kb3 58. Nc3 a2
59. Nxa2 Kxa2 60. Ke3 Kb3 61. Kd4 f4 62. gxf4 gxf4 63. h3 Ne6+ 64. Ke4 Kc3 65.
h4 h5 66. Kf3 Kd3 67. Kf2 Ke4 68. Ke2 f3+ 69. Kf2 Kf4 70. Kf1 Kg3 71. Kg1 Nc5
72. Kf1 f2 73. Ke2 Kg2 74. Ke3 f1=Q 0-1

[Event "DLM 2010"]
[Site "Stuttgart GER"]
[Date "2010.11.19"]
[Round "5"]
[White "Reiß, Michael"]
[Black "Sadewasser, Lucie"]
[Result "1-0"]
[Termination "normal"]
[Board "4.8"]
[WhiteElo "1617"]
[BlackElo "1279"]
[WhiteTeam "Baden"]
[BlackTeam "Mecklenburg-Vorpommern"]
[BlackFideId "12905445"]
[EventCountry "GER"]
[EventRounds "7"]
[EventType "team-swiss"]
[EventDate "2010.11.16"]

1. e4 e5 2. Nf3 Nc6 3. Bc4 Nf6 4. c3 Bc5 5. d4 exd4 6. cxd4 Bb6 7. Nc3 O-O 8.
Bg5 Qe7 9. O-O Qb4 10. Qd3 Na5 11. b3 Re8 12. a3 Qe7 13. e5 h6 14. exf6 Qd8 15.
Bd2 Qxf6 16. Rfe1 Rxe1+ 17. Rxe1 Kf8 18. Qh7 g5 19. Nd5 Qg7 20. Re8+ 1-0

[Event "DLM 2010"]
[Site "Stuttgart GER"]
[Date "2010.11.19"]
[Round "5"]
[White "Colpe, Malte"]
[Black "Kartsev, Alexandr"]
[Result "1/2-1/2"]
[Termination "normal"]
[Board "5.1"]
[WhiteElo "2228"]
[BlackElo "2183"]
[WhiteTeam "Hamburg"]
[BlackTeam "Nordrhein-Westfalen"]
[WhiteFideId "24623075"]
[BlackFideId "24647110"]
[EventCountry "GER"]
[EventRounds "7"]
[EventType "team-swiss"]
[EventDate "2010.11.16"]

1. d4 f5 2. g3 Nf6 3. Bg2 g6 4. Nf3 Bg7 5. O-O O-O 6. c4 d6 7. Nc3 Qe8 8. d5 a5
9. Nd4 Na6 10. b3 Bd7 11. Bb2 c6 12. Rb1 Nc5 13. a3 e5 14. dxe6 Nxe6 15. Na4
Nc5 16. Nb6 Ra6 17. Nxd7 Qxd7 18. b4 axb4 19. axb4 Nce4 20. Qc1 d5 21. c5 Ne8
22. f3 N4f6 23. Qd2 Nc7 24. Bc3 Rfa8 25. Ra1 Ne6 26. Rxa6 Rxa6 27. Qe3 Nxd4 28.
Bxd4 Kf7 29. Rb1 Ne8 30. Bf1 Ra2 31. Bxg7 Nxg7 32. Qd3 Qe7 33. e4 Qe5 34. exd5
cxd5 35. b5 Ne6 36. f4 Qe4 37. c6 bxc6 38. bxc6 Rg2+ 39. Kh1 Rc2+ 40. Qxe4 fxe4
41. Rb7+ Kf6 42. Rd7 Rc1 43. Kg2 d4 44. Rd6 d3 45. Kf2 e3+ 46. Kxe3 Rxf1 47.
Rxd3 Rc1 48. Rd6 h5 49. h3 Ke7 50. Rd7+ Ke8 51. Rd6 Ke7 52. Rd7+ Ke8 53. Rd6
Nf8 54. f5 gxf5 55. Rh6 Ke7 56. Rxh5 Kf6 57. g4 fxg4 58. hxg4 Rxc6 59. Rf5+ Kg7
60. Kf4 Rc4+ 61. Kg5 Nh7+ 62. Kh4 Rc1 63. Ra5 Rh1+ 64. Kg3 Kg6 65. Ra6+ Nf6 66.
Kf4 Rf1+ 67. Kg3 Rg1+ 68. Kf3 Rb1 69. Kf4 Rb4+ 70. Kf3 Rc4 71. Rb6 Ra4 72. Rc6
Ra5 73. Kf4 Ra4+ 74. Kf3 Kg5 75. Rc5+ Kg6 76. Rc6 Ra1 77. Kf4 Rf1+ 78. Kg3 Kf7
79. Ra6 Rg1+ 80. Kf3 Nxg4 81. Kf4 Nf6 82. Ke5 Rg5+ 83. Kf4 Rb5 84. Ra7+ Kg6 85.
Ra6 Rb4+ 86. Ke5 Kg5 87. Ra5 Re4+ 88. Kd6+ Kg6 89. Ra1 Re2 90. Rf1 Kf7 91. Ra1
Re6+ 92. Kc5 Ke7 93. Ra7+ Nd7+ 94. Kd5 Re1 95. Ra6 Rd1+ 96. Kc4 Rc1+ 97. Kd4
Rd1+ 98. Ke3 Nc5 99. Rc6 Rc1 100. Rh6 Rc4 101. Rh7+ Kd6 102. Rh6+ Ne6 103. Kd3
Rg4 104. Ke3 Ke5 105. Rh5+ Ng5 106. Kd3 Kf4 107. Rh8 Rg3+ 108. Kd4 Ne6+ 109.
Kd5 Ng7 110. Rh4+ Kf5 111. Rh1 Rd3+ 112. Kc4 Rd7 113. Rf1+ Ke6 114. Re1+ Kf6
115. Kc5 Ne6+ 116. Kc6 Rd2 117. Ra1 Nd8+ 118. Kc5 Ne6+ 119. Kc6 Nd8+ 120. Kc5
Ne6+ 1/2-1/2

[Event "DLM 2010"]
[Site "Stuttgart GER"]
[Date "2010.11.19"]
[Round "5"]
[White "Kahleys, Kevin"]
[Black "Borgmeyer, Max"]
[Result "1-0"]
[Termination "normal"]
[Board "5.2"]
[WhiteElo "2123"]
[BlackElo "2170"]
[WhiteTeam "Nordrhein-Westfalen"]
[BlackTeam "Hamburg"]
[WhiteFideId "24669601"]
[BlackFideId "24615870"]
[EventCountry "GER"]
[EventRounds "7"]
[EventType "team-swiss"]
[EventDate "2010.11.16"]

1. Nf3 Nf6 2. c4 e6 3. g3 b6 4. Bg2 Bb7 5. O-O c5 6. Nc3 a6 7. Re1 Qc7 8. e4 d6
9. d4 cxd4 10. Nxd4 Nbd7 11. Be3 Rc8 12. Rc1 Qb8 13. Qe2 Qa8 14. f3 Be7 15. Bf2
O-O 16. f4 Rfe8 17. g4 Nf8 18. b3 N6d7 19. Nf3 Ng6 20. Bg3 f5 21. Nd4 d5 22.
exd5 Bc5 23. Qd2 exd5 24. Nxd5 fxg4 25. Rxe8+ Rxe8 26. Nc7 Qc8 27. Nxe8 Bxg2
28. Kxg2 Qxe8 29. Re1 Qa8+ 30. Kg1 Nf6 31. b4 Bf8 32. f5 Nd7 33. Re3 1-0

[Event "DLM 2010"]
[Site "Stuttgart GER"]
[Date "2010.11.19"]
[Round "5"]
[White "Müller, Tobias"]
[Black "Mundorf, Johannes"]
[Result "0-1"]
[Termination "normal"]
[Board "5.3"]
[WhiteElo "2064"]
[BlackElo "1952"]
[WhiteTeam "Hamburg"]
[BlackTeam "Nordrhein-Westfalen"]
[WhiteFideId "24643394"]
[BlackFideId "24672491"]
[EventCountry "GER"]
[EventRounds "7"]
[EventType "team-swiss"]
[EventDate "2010.11.16"]

1. c4 b6 2. Nc3 Bb7 3. e4 e6 4. g3 Nf6 5. Bg2 Bb4 6. Nge2 Bxc3 7. Nxc3 c5 8. d3
d6 9. O-O Nc6 10. f4 Qd7 11. a3 O-O 12. g4 Ne8 13. f5 f6 14. fxe6 Qe7 15. g5
Nd4 16. gxf6 Rxf6 17. Rxf6 Qxf6 18. Be3 Nxe6 19. Qg4 Qe5 20. Bh3 Nd4 21. Bf4
Qe7 22. Rf1 Bc8 23. Bg5 Qe5 24. Nd5 Bxg4 25. Ne7+ Qxe7 26. Bxe7 Nf6 27. Rxf6
Bxh3 28. Rxd6 Re8 29. Bh4 Nf5 0-1

[Event "DLM 2010"]
[Site "Stuttgart GER"]
[Date "2010.11.19"]
[Round "5"]
[White "Takeuchi, Eiki"]
[Black "Grötzbach, Julian"]
[Result "1-0"]
[Termination "normal"]
[Board "5.4"]
[WhiteElo "1885"]
[BlackElo "1879"]
[WhiteTeam "Nordrhein-Westfalen"]
[BlackTeam "Hamburg"]
[WhiteFideId "24663751"]
[BlackFideId "24600938"]
[EventCountry "GER"]
[EventRounds "7"]
[EventType "team-swiss"]
[EventDate "2010.11.16"]

1. e4 c5 2. c4 Nc6 3. Ne2 e6 4. Nbc3 Nf6 5. d4 cxd4 6. Nxd4 Bb4 7. Nxc6 dxc6 8.
Bd3 Qc7 9. O-O a6 10. Be3 O-O 11. f4 Rd8 12. e5 Ne8 13. Qc2 g6 14. Ne4 Be7 15.
Rad1 c5 16. Qf2 b6 17. b4 Bb7 18. bxc5 Rxd3 19. Rxd3 Bxe4 20. cxb6 Qb7 21. Rc3
Ng7 22. g4 Rc8 23. c5 Bc6 24. Rfc1 Rd8 25. R3c2 Rc8 26. Qg3 Rd8 27. Rc3 Rd7 28.
h4 h5 29. Kf2 Qc8 30. f5 exf5 31. e6 Qd8 32. exf7+ Kxf7 33. g5 Ne6 34. R1c2 Kg8
35. Re2 f4 36. Bxf4 Nxf4 37. Qxf4 Bf8 38. Kg3 Rf7 39. Qc4 Qd1 40. Rc1 Bd6+ 41.
cxd6 Qxd6+ 42. Kh3 Kg7 43. Qc3+ Kh7 44. Qe5 Rf3+ 45. Kh2 Rf2+ 46. Kg1 Rg2+ 47.
Kf1 Qf8+ 48. Qf6 Qxf6+ 49. gxf6 1-0

[Event "DLM 2010"]
[Site "Stuttgart GER"]
[Date "2010.11.19"]
[Round "5"]
[White "Krüger, David"]
[Black "Kuckling, Hannah"]
[Result "1-0"]
[Termination "normal"]
[Board "5.5"]
[WhiteElo "1696"]
[BlackElo "1610"]
[WhiteTeam "Hamburg"]
[BlackTeam "Nordrhein-Westfalen"]
[WhiteFideId "12921858"]
[BlackFideId "24603660"]
[EventCountry "GER"]
[EventRounds "7"]
[EventType "team-swiss"]
[EventDate "2010.11.16"]

1. d4 Nf6 2. c4 g6 3. g3 Bg7 4. Bg2 O-O 5. Nf3 d6 6. O-O c6 7. Nc3 Qa5 8. e3
Qh5 9. Re1 Bg4 10. e4 e5 11. d5 cxd5 12. Nxd5 Nxd5 13. cxd5 Nd7 14. Qb3 Nc5 15.
Qc3 Rac8 16. Qa3 f5 17. Nd2 fxe4 18. Nxe4 Nxe4 19. Bxe4 Bf3 20. Bxf3 Qxf3 21.
Be3 Rf6 22. Rad1 a6 23. Qb3 b5 24. Qa3 Rc2 25. Rf1 Qe2 26. Qxa6 Rxb2 27. a4
bxa4 28. Qxa4 Qb5 29. Qa8+ Qb8 30. Qc6 Rb7 31. Ra1 Rf8 32. Ra6 Rd8 33. Bg5 Rdd7
34. Re1 h6 35. Be3 Kh7 36. Bb6 Qf8 37. Be3 Rbc7 38. Qb5 Qf7 39. Rc6 Rb7 40. Bb6
Bf6 41. Qa5 Qg8 42. Rec1 Bd8 43. Qb5 Qf7 44. Qa5 Bxb6 45. Rxb6 Rxb6 46. Qxb6
Qxd5 47. Qb8 Rf7 48. Qd8 Qd2 49. Rf1 Kg7 50. Qe8 Qd4 51. Qe6 d5 52. Kg2 Qe4+
53. f3 Qd4 54. Rf2 e4 55. f4 Qd3 56. Qe5+ Kh7 57. Qe6 Rg7 58. f5 e3 59. fxg6+
Rxg6 60. Rf7+ Rg7 61. Rxg7+ Kxg7 62. Qe7+ Kg6 63. Qe6+ Kg5 64. h4+ Kh5 65. Qf7+
Qg6 66. Qxd5+ 1-0

[Event "DLM 2010"]
[Site "Stuttgart GER"]
[Date "2010.11.19"]
[Round "5"]
[White "Rempe, Moritz"]
[Black "Lemke, Berfîn"]
[Result "1/2-1/2"]
[Termination "normal"]
[Board "5.6"]
[WhiteElo "1748"]
[BlackElo "1442"]
[WhiteTeam "Nordrhein-Westfalen"]
[BlackTeam "Hamburg"]
[WhiteFideId "12906867"]
[BlackFideId "1270578"]
[EventCountry "GER"]
[EventRounds "7"]
[EventType "team-swiss"]
[EventDate "2010.11.16"]

1. e4 e5 2. Nf3 Nc6 3. Bb5 a6 4. Bxc6 dxc6 5. Nc3 Bd6 6. d4 exd4 7. Qxd4 f6 8.
Be3 Be6 9. O-O Ne7 10. a3 O-O 11. Nh4 Be5 12. Qd2 f5 13. exf5 Nxf5 14. Nf3 Bd6
15. Bg5 Qe8 16. Nd4 Qh5 1/2-1/2

[Event "DLM 2010"]
[Site "Stuttgart GER"]
[Date "2010.11.19"]
[Round "5"]
[White "Reksten, Anne"]
[Black "Ludwig, Maria"]
[Result "1-0"]
[Termination "normal"]
[Board "5.8"]
[WhiteElo "1407"]
[BlackElo "1027"]
[WhiteTeam "Nordrhein-Westfalen"]
[BlackTeam "Hamburg"]
[WhiteFideId "24692778"]
[BlackFideId "24655791"]
[EventCountry "GER"]
[EventRounds "7"]
[EventType "team-swiss"]
[EventDate "2010.11.16"]

1. c4 e5 2. g3 Nc6 3. Bg2 Nf6 4. Nc3 Bb4 5. Nd5 Bc5 6. e3 O-O 7. Ne2 d6 8. a3
a6 9. b4 Ba7 10. Nec3 Bg4 11. Nxf6+ Qxf6 12. Qxg4 Ne7 13. Bxb7 Rab8 14. Nd5
Nxd5 15. Bxd5 c5 16. Rb1 Rfe8 17. b5 axb5 18. Rxb5 Rxb5 19. cxb5 Bb6 20. Bb2 h6
21. O-O Rb8 22. Bc3 Bc7 23. a4 1-0